| 000 | ncm a22 a 4500 | ||
|---|---|---|---|
| 999 |
_c351269 _d351269 |
||
| 003 | BLK | ||
| 005 | 20200408164754.0 | ||
| 008 | 200403b bu ||||| |||| 00| 0 bu d | ||
| 040 | _aBLK | ||
| 041 |
_aBUL _cBUL |
||
| 080 |
_aВокална музика _b784 _z784 |
||
| 139 |
_aПесни радио, кино и телевидения _bП 38 |
||
| 245 |
_aПесни радио, кино и телевидения _n38 |
||
| 260 |
_9402764 _bМузыка _c1982 |
||
| 300 |
_a27 с, _c28 см |
||
| 380 | _a7 | ||
| 490 | _a38 | ||
| 505 |
_rП. Аедоницков _tНашей юнасти оркестр |
||
| 505 |
_rИ. Якушенко _tПесня о друзее |
||
| 505 |
_rМ. Блантера _tМоя любимая |
||
| 505 |
_rЭ. Колмановски _tВнуки |
||
| 505 |
_rА. Изотова _tЗима |
||
| 505 |
_rР. Паулс _tЯ тебя рисую |
||
| 650 | 7 |
_9151225 _aВокална музика |
|
| 852 | _aМ II 9394 | ||
| 942 |
_cNOT _n0 _s1 |
||
| 944 |
_aCR _c2020-04-03 _kК.Д. |
||
| 999 | _d351269 | ||
| 999 | _d351269 | ||
| 999 | _d351257 | ||
| 999 | _d351257 | ||
| 999 | _d351257 | ||